000 00695nam a22002417a 4500
001 2038
005 20231101160848.0
040 _aFISKH
_beng
_cFISKH
_dFISKH
050 _aPZ8.W4125
082 _a813.54
100 _aWeeks, Sarah
245 _aDrip, drop /
_cstory by Sarah Weeks pictures by Jane Manning
260 _aNew York:
_bScholastic,
_cDecember 2001
300 _a32 pages :
_c21 cm
520 _aPip Squeak the mouse is kept awake all night by the drips from his leaky roof.
521 _a280
_bLexile
521 _aE
_bRaz-Plus
650 _2mouse
650 _2mice
650 _2sleep
700 _aManning, Jane
_cIllustrator
942 _2ddc
_cBK
_n0
_eFirst Scholastic Printing
999 _c2038
_d2038